Role plays for interpersonal skills training

Bibliographic Details
Main Author: Williams, Teresa (Author)
Format: Book
Language:English
Published: Hampshire : Connaught Training Limited 1993
Subjects:

MARC

LEADER 00000cam a2200000 7i4500
001 0000002538
005 20240925.0
008 991130 enk eng
020 |a 1859040241 
040 |a INS   |b eng   |e rda 
090 0 0 |a HM132   |b .W716 1993 
100 1 |a Williams, Teresa ,   |e author 
245 1 0 |a Role plays for interpersonal skills training   |c Teresa Williams 
264 1 |a Hampshire :   |b Connaught Training Limited   |c 1993 
264 4 |c ©1993 
300 |a vii, 293 pages ;   |c 30 cm. 
336 |a text  |2 rdacontent 
337 |a unmediated  |2 rdamedia 
338 |a volume  |2 rdacarrier 
650 0 |a Role Playing 
999 |a 0000005605   |b BOOK   |c Open Shelf   |e Default branch